[Event "Titled Tuesday intern op 13th Feb Early"]
[Site "Chess.com INT"]
[Date "2024.02.13"]
[Round "7"]
[White "Buscar, Michael"]
[Black "Clarke, Adani"]
[Result "0-1"]
[WhiteElo "2041"]
[BlackElo "1842"]
[PlyCount "68"]
[EventDate "2024.02.13"]
[EventType "swiss (blitz)"]
[EventRounds "11"]
[EventCountry "USA"]
[SourceTitle "CB08_2024"]
[SourceDate "2024.02.21"]
[SourceVersion "1"]
[SourceVersionDate "2024.02.21"]
[SourceQuality "1"]

1. e4 e6 2. Nf3 d5 3. exd5 exd5 4. d4 Nf6 5. Bd3 Bd6 6. Qe2+ Qe7 7. Qxe7+ Bxe7 8. Bf4 c5 9. dxc5 Bxc5 10. Nbd2 0-0 11. Nb3 Re8+ 12. Kf1 Bb6 13. Rd1 Nc6 14. c3 Bg4 15. Be2 Rad8 16. h3 Bh5 17. g4 Bg6 18. Nh4 Be4 19. f3 Bc2 20. Rd2 Bxb3 21. axb3 d4 22. Nf5 Nd5 23. Bg3 dxc3 24. bxc3 Ne3+ 25. Ke1 Nxf5 26. gxf5 Rxd2 27. Kxd2 Be3+ 28. Kd1 Rd8+ 29. Ke1 Bd2+ 30. Kf2 Bxc3 31. Bc4 Rd2+ 32. Ke3 Nb4 33. Rc1 Nc2+ 34. Ke4 Rd4+ 0-1

[Event "Titled Tuesday intern op 13th Feb Late"]
[Site "Chess.com INT"]
[Date "2024.02.13"]
[Round "8"]
[White "Clarke, Adani"]
[Black "Bonin, Jay R"]
[Result "0-1"]
[WhiteElo "1842"]
[BlackElo "2155"]
[PlyCount "68"]
[EventDate "2024.02.13"]
[EventType "swiss (blitz)"]
[EventRounds "11"]
[EventCountry "USA"]
[SourceTitle "CB08_2024"]
[SourceDate "2024.02.21"]
[SourceVersion "1"]
[SourceVersionDate "2024.02.21"]
[SourceQuality "1"]

1. d4 Nf6 2. c4 e6 3. Nc3 Bb4 4. f3 c5 5. d5 Nh5 6. e4 Qh4+ 7. Ke2 Ng3+ 8. hxg3 Qxh1 9. Be3 Qh5 10. g4 Qg6 11. Nh3 f5 12. Nf4 Qf7 13. dxe6 dxe6 14. gxf5 exf5 15. Ncd5 fxe4 16. Nxb4 cxb4 17. Qa4+ Nc6 18. Qc2 exf3+ 19. gxf3 Bf5 20. Qa4 0-0 21. Bg2 Rae8 22. Kf2 Bd7 23. Qc2 Rxe3 24. Kxe3 Qxf4+ 25. Kf2 Nd4 26. Qd3 Bc6 27. Rh1 g6 28. Rh3 Nxf3 29. Bxf3 Qxf3+ 30. Rxf3 Rxf3+ 31. Qxf3 Bxf3 32. Kxf3 Kf7 33. Ke4 Ke6 34. Kf4 h6 0-1

[Event "Titled Tuesday intern op 13th Feb Late"]
[Site "Chess.com INT"]
[Date "2024.02.13"]
[Round "4"]
[White "Clarke, Adani"]
[Black "Gritsenko, Nikolai"]
[Result "0-1"]
[WhiteElo "1842"]
[BlackElo "2309"]
[PlyCount "42"]
[EventDate "2024.02.13"]
[EventType "swiss (blitz)"]
[EventRounds "11"]
[EventCountry "USA"]
[SourceTitle "CB08_2024"]
[SourceDate "2024.02.21"]
[SourceVersion "1"]
[SourceVersionDate "2024.02.21"]
[SourceQuality "1"]

1. d4 d5 2. c4 Nc6 3. e3 e6 4. Nc3 Nf6 5. Nf3 Bb4 6. Bd2 0-0 7. cxd5 exd5 8. h3 a6 9. Bd3 Re8 10. 0-0 Bd6 11. Qc2 Nb4 12. Qb1 Nxd3 13. Qxd3 c6 14. a3 Ne4 15. Rfe1 Qf6 16. Qc2 Bxh3 17. Nxe4 Rxe4 18. Ne5 Bxe5 19. dxe5 Qg6 20. g3 Qh5 21. f3 Qxf3 0-1

[Event "Titled Tuesday intern op 13th Feb Early"]
[Site "Chess.com INT"]
[Date "2024.02.13"]
[Round "6"]
[White "Clarke, Adani"]
[Black "Korol, Dimitry"]
[Result "0-1"]
[WhiteElo "1842"]
[BlackElo "2287"]
[PlyCount "38"]
[EventDate "2024.02.13"]
[EventType "swiss (blitz)"]
[EventRounds "11"]
[EventCountry "USA"]
[SourceTitle "CB08_2024"]
[SourceDate "2024.02.21"]
[SourceVersion "1"]
[SourceVersionDate "2024.02.21"]
[SourceQuality "1"]

1. d4 Nf6 2. c4 c5 3. d5 b5 4. cxb5 a6 5. b6 d6 6. Nc3 Nbd7 7. e4 g6 8. Nf3 Bg7 9. Nd2 0-0 10. Nc4 Nxb6 11. Nxb6 Qxb6 12. Bd3 e6 13. dxe6 Bxe6 14. 0-0 d5 15. exd5 Nxd5 16. Nxd5 Bxd5 17. Bxg6 Rad8 18. Bg5 Qxg6 19. Bxd8 Qxg2# 0-1

[Event "Titled Tuesday intern op 13th Feb Late"]
[Site "Chess.com INT"]
[Date "2024.02.13"]
[Round "2"]
[White "Clarke, Adani"]
[Black "Rubio Tent, Francisco"]
[Result "0-1"]
[WhiteElo "1842"]
[BlackElo "2283"]
[PlyCount "64"]
[EventDate "2024.02.13"]
[EventType "swiss (blitz)"]
[EventRounds "11"]
[EventCountry "USA"]
[SourceTitle "CB08_2024"]
[SourceDate "2024.02.21"]
[SourceVersion "1"]
[SourceVersionDate "2024.02.21"]
[SourceQuality "1"]

1. Nf3 d5 2. g3 Nf6 3. b3 g6 4. Bb2 Bg7 5. Bg2 0-0 6. d3 Nc6 7. 0-0 Re8 8. Nbd2 e5 9. c4 e4 10. dxe4 dxe4 11. Ne1 e3 12. fxe3 Ng4 13. Bxg7 Nxe3 14. Qc1 Nxf1 15. Nxf1 Kxg7 16. e4 Qd4+ 17. Kh1 Bg4 18. Nc2 Qc3 19. Qf4 Be2 20. Nfe3 Nd4 21. Rc1 Nxc2 22. Rxc2 Qe1+ 23. Nf1 Rad8 24. Rc1 Rd1 25. Rxd1 Qxd1 26. Kg1 Bxf1 27. Bxf1 Qd4+ 28. Qf2 Rxe4 29. Qxd4+ Rxd4 30. Kf2 Rd2+ 31. Ke3 Rxa2 32. h4 Ra3 0-1

[Event "Titled Tuesday intern op 13th Feb Late"]
[Site "Chess.com INT"]
[Date "2024.02.13"]
[Round "3"]
[White "Sroczynski, Maciej"]
[Black "Clarke, Adani"]
[Result "1-0"]
[WhiteElo "2266"]
[BlackElo "1842"]
[PlyCount "65"]
[EventDate "2024.02.13"]
[EventType "swiss (blitz)"]
[EventRounds "11"]
[EventCountry "USA"]
[SourceTitle "CB08_2024"]
[SourceDate "2024.02.21"]
[SourceVersion "1"]
[SourceVersionDate "2024.02.21"]
[SourceQuality "1"]

1. e4 e6 2. d3 d5 3. Nd2 dxe4 4. dxe4 Nf6 5. Ngf3 Bc5 6. Bd3 0-0 7. e5 Nd5 8. Ne4 Bb6 9. c3 f5 10. exf6 Nxf6 11. Qe2 Nd5 12. Bg5 Qe8 13. 0-0-0 Nc6 14. Rhe1 Qh5 15. h3 h6 16. Bd2 a5 17. Ng3 Qf7 18. Rf1 a4 19. Ne5 Nxe5 20. Qxe5 Nf4 21. Bc2 Qf6 22. Qe4 e5 23. Qh7+ Kf7 24. Ne4 Qc6 25. Bxf4 exf4 26. g3 Bxh3 27. Ng5+ hxg5 28. Qxh3 Rad8 29. gxf4 Rxd1+ 30. Rxd1 gxf4 31. Rd7+ Ke8 32. Rxg7 Bxf2 33. Qc8# 1-0

[Event "Titled Tuesday intern op 13th Feb Early"]
[Site "Chess.com INT"]
[Date "2024.02.13"]
[Round "1"]
[White "Taboas Rodriguez, Daniel"]
[Black "Clarke, Adani"]
[Result "1-0"]
[WhiteElo "2360"]
[BlackElo "1842"]
[PlyCount "49"]
[EventDate "2024.02.13"]
[EventType "swiss (blitz)"]
[EventRounds "11"]
[EventCountry "USA"]
[SourceTitle "CB08_2024"]
[SourceDate "2024.02.21"]
[SourceVersion "1"]
[SourceVersionDate "2024.02.21"]
[SourceQuality "1"]

1. d4 Nf6 2. Nf3 e6 3. c4 d5 4. Nc3 Bb4 5. e3 0-0 6. a3 Be7 7. b4 b6 8. Bb2 Bb7 9. c5 Nc6 10. Bd3 Re8 11. 0-0 a5 12. b5 Na7 13. c6 Bc8 14. a4 Bd6 15. Ne5 h6 16. f4 Nh7 17. Qh5 Qe7 18. Rf3 Nf6 19. Qh4 Bxe5 20. fxe5 Nh7 21. Qh5 Ng5 22. Rg3 Rf8 23. h4 Nh7 24. Ba3 Qd8 25. Qxh6 1-0

[Event "Titled Tuesday intern op 05th Sep Early"]
[Site "Chess.com INT"]
[Date "2023.09.05"]
[Round "8"]
[White "Clarke, Adani"]
[Black "Davidson, Kevin"]
[Result "0-1"]
[WhiteElo "1842"]
[BlackElo "2154"]
[PlyCount "84"]
[EventDate "2023.09.05"]
[EventType "swiss (blitz)"]
[EventRounds "11"]
[EventCountry "USA"]
[SourceTitle "EXT 2024"]
[Source "ChessBase"]
[SourceDate "2023.10.10"]
[SourceVersion "1"]
[SourceVersionDate "2023.10.10"]
[SourceQuality "1"]

1. d4 Nf6 2. c4 g6 3. Nc3 Bg7 4. Nf3 d6 5. Bg5 h6 6. Bh4 0-0 7. e3 Nc6 8. a3 e5 9. d5 Ne7 10. e4 Nd7 11. Bxe7 Qxe7 12. Be2 f5 13. Qc2 a5 14. Bd3 Nc5 15. 0-0-0 a4 16. Rde1 Bd7 17. Nd2 Qg5 18. Kb1 Kh7 19. Rhg1 Qf4 20. exf5 gxf5 21. f3 Kh8 22. g3 Qd4 23. Be2 e4 24. fxe4 fxe4 25. Bh5 Bf5 26. g4 Bh7 27. Ndxe4 Nxe4 28. Nxe4 Rf4 29. Ka2 Bxe4 30. Qc1 Rf2 31. Rxe4 Qxe4 32. Qb1 Rxb2+ 33. Qxb2 Bxb2 34. Kxb2 Qxc4 35. Rc1 Qb3+ 36. Ka1 Qxa3+ 37. Kb1 Qb3+ 38. Ka1 a3 39. Rb1 Qc3+ 40. Ka2 Qc2+ 41. Ka1 a2 42. Bg6 axb1Q# 0-1

[Event "Titled Tuesday intern op 05th Sep Early"]
[Site "Chess.com INT"]
[Date "2023.09.05"]
[Round "5"]
[White "Clarke, Adani"]
[Black "Koridze, Lile"]
[Result "0-1"]
[WhiteElo "1842"]
[BlackElo "2181"]
[PlyCount "138"]
[EventDate "2023.09.05"]
[EventType "swiss (blitz)"]
[EventRounds "11"]
[EventCountry "USA"]
[SourceTitle "EXT 2024"]
[Source "ChessBase"]
[SourceDate "2023.10.10"]
[SourceVersion "1"]
[SourceVersionDate "2023.10.10"]
[SourceQuality "1"]

1. d4 Nf6 2. c4 e6 3. Nc3 Bb4 4. f3 c5 5. d5 d6 6. e4 0-0 7. Bd3 Nbd7 8. Nge2 a6 9. 0-0 Ne5 10. Bg5 h6 11. Bh4 Ng6 12. Bg3 Re8 13. a3 Ba5 14. Qc2 Bc7 15. Rfd1 Qe7 16. Nf4 Ne5 17. Rac1 Rb8 18. b4 Nxd3 19. Nxd3 b6 20. Bf2 e5 21. Ne2 Nh5 22. Ng3 Qg5 23. Nxh5 Qxh5 24. bxc5 bxc5 25. Rb1 Bd7 26. Rxb8 Rxb8 27. Rb1 Qg5 28. Rxb8+ Bxb8 29. Be3 Qd8 30. Qb2 Bc7 31. Bd2 Ba5 32. Bc3 Bxc3 33. Qxc3 Qg5 34. Qc1 Qd8 35. Kf2 Qa5 36. Qb2 Qa4 37. Qc3 Qd1 38. Nb2 Qa1 39. Qb3 Qc1 40. Nd1 Qd2+ 41. Kf1 a5 42. Ne3 a4 43. Qc2 Qxe3 44. h3 Bc8 45. Qxa4 Qc1+ 46. Kf2 Qb2+ 47. Kg3 Qb8 48. Qe8+ Kh7 49. Qxf7 Qb7 50. Qf8 Qd7 51. a4 Ba6 52. a5 Bxc4 53. Qb8 Ba6 54. Qb6 Bf1 55. a6 Qe7 56. Kf2 Bxa6 57. Qxa6 Qc7 58. Qc4 Qb6 59. Kg3 Qa5 60. Qb3 Qe1+ 61. Kh2 Qc1 62. Qb6 c4 63. Qxd6 Qf4+ 64. Kg1 c3 65. Qc5 Qc1+ 66. Kh2 c2 67. Qc8 Qf4+ 68. g3 Qd2+ 69. Kg1 c1Q+ 0-1

[Event "Titled Tuesday intern op 05th Sep Early"]
[Site "Chess.com INT"]
[Date "2023.09.05"]
[Round "6"]
[White "Mayaud, Raphael"]
[Black "Clarke, Adani"]
[Result "0-1"]
[WhiteElo "2201"]
[BlackElo "1842"]
[PlyCount "134"]
[EventDate "2023.09.05"]
[EventType "swiss (blitz)"]
[EventRounds "11"]
[EventCountry "USA"]
[SourceTitle "EXT 2024"]
[Source "ChessBase"]
[SourceDate "2023.10.10"]
[SourceVersion "1"]
[SourceVersionDate "2023.10.10"]
[SourceQuality "1"]

1. d4 Nf6 2. Bg5 e6 3. e4 d5 4. Nd2 c5 5. exd5 exd5 6. Ngf3 Be6 7. Bb5+ Nbd7 8. 0-0 Be7 9. Re1 0-0 10. c3 Bg4 11. h3 Bh5 12. Bd3 c4 13. Bc2 Bd6 14. Nf1 Qc7 15. Ne3 Rfe8 16. Nf5 Bg6 17. Nxd6 Qxd6 18. Bxg6 hxg6 19. Qd2 Ne4 20. Qf4 Qxf4 21. Bxf4 Ndf6 22. Re2 Nh5 23. Bh2 f5 24. Rae1 Kh7 25. Nd2 Rf8 26. Nf3 Nhf6 27. Ne5 g5 28. f3 Nd6 29. Nd7 Nxd7 30. Bxd6 Rf6 31. Ba3 b6 32. Re7 Rd8 33. Kf2 Kg6 34. R1e2 b5 35. Bb4 a6 36. R2e6 Nb8 37. Rxf6+ gxf6 38. Rb7 Nc6 39. Bc5 Ra8 40. Rb6 Nd8 41. Be7 Nf7 42. Rxf6+ Kg7 43. Rb6 Ra7 44. Bc5 Ra8 45. Re6 a5 46. Rb6 b4 47. Rb7 bxc3 48. bxc3 a4 49. Rb5 Kf6 50. Bb4 Ke6 51. Rb6+ Kd7 52. a3 Nd8 53. Rg6 Ne6 54. Rf6 f4 55. Rf7+ Kc6 56. Re7 Nc7 57. Re5 Rg8 58. Rf5 Kd7 59. Rf6 Ne6 60. Rf7+ Kc6 61. Ra7 Nc7 62. Rxa4 Re8 63. Ra6+ Nxa6 64. h4 gxh4 65. Kg1 Nxb4 66. axb4 Kb5 67. Kf2 Re3 0-1

[Event "Olympiad Women-44"]
[Site "Chennai"]
[Date "2022.08.09"]
[Round "11.2"]
[White "Clarke, Adani"]
[Black "Garcia, Angie"]
[Result "1-0"]
[WhiteElo "1812"]
[BlackElo "1894"]
[PlyCount "95"]
[EventDate "2022.07.29"]
[EventType "team-swiss"]
[EventRounds "11"]
[EventCountry "IND"]
[SourceTitle "CBM 210"]
[Source "ChessBase"]
[SourceDate "2022.10.31"]
[SourceVersion "1"]
[SourceVersionDate "2022.10.31"]
[SourceQuality "1"]
[WhiteTeam "Jamaica (W)"]
[BlackTeam "El Salvador (W)"]
[WhiteTeamCountry "JAM"]
[BlackTeamCountry "ESA"]

1. d4 Nf6 2. c4 g6 3. Nc3 Bg7 4. e4 d6 5. Be2 0-0 6. Be3 Na6 7. g4 c5 8. g5 Nd7 9. Nf3 Nc7 10. h4 a6 11. Qd2 Ne6 12. Rd1 cxd4 13. Nxd4 Ndc5 14. b4 Nxd4 15. Bxd4 Bxd4 16. Qxd4 Ne6 17. Qe3 Bd7 18. e5 Bc6 19. Bf3 Bxf3 20. Qxf3 f6 21. gxf6 exf6 22. Rxd6 Qc8 23. Qd5 Re8 24. Ne4 Kh8 25. Nxf6 Re7 26. 0-0 Nf4 27. Qe4 Qf5 28. Qxf5 gxf5 29. Rfd1 Rf8 30. Rd7 Rff7 31. Rxe7 Rxe7 32. Rd7 Rxd7 33. Nxd7 Nd3 34. a3 Kg7 35. Kf1 Nb2 36. Nb6 Nd3 37. Nd7 Nb2 38. Nb6 Nd3 39. Ke2 Nxe5 40. Ke3 Kf6 41. h5 Ng4+ 42. Kf3 Kg5 43. Nd7 h6 44. a4 Kxh5 45. a5 Kg5 46. b5 h5 47. c5 Nh6 48. c6 1-0

[Event "Olympiad Women-44"]
[Site "Chennai"]
[Date "2022.08.07"]
[Round "9.2"]
[White "Clarke, Adani"]
[Black "Roy, Ali"]
[Result "1/2-1/2"]
[WhiteElo "1812"]
[BlackElo "1893"]
[PlyCount "140"]
[EventDate "2022.07.29"]
[EventType "team-swiss"]
[EventRounds "11"]
[EventCountry "IND"]
[SourceTitle "CBM 210"]
[Source "ChessBase"]
[SourceDate "2022.10.31"]
[SourceVersion "1"]
[SourceVersionDate "2022.10.31"]
[SourceQuality "1"]
[WhiteTeam "Jamaica (W)"]
[BlackTeam "Scotland (W)"]
[WhiteTeamCountry "JAM"]
[BlackTeamCountry "SCO"]

1. d4 d5 2. c4 c6 3. Nf3 Nf6 4. Nc3 Nbd7 5. Bf4 e6 6. e3 Be7 7. Qc2 0-0 8. Bd3 b6 9. 0-0 Bb7 10. cxd5 cxd5 11. Rac1 Rc8 12. Qb3 Nh5 13. Bg3 Nxg3 14. hxg3 Nf6 15. Rc2 Ne4 16. Rfc1 Nxc3 17. Rxc3 Rxc3 18. Rxc3 Qb8 19. Qc2 Rc8 20. Bxh7+ Kf8 21. Ne5 Rxc3 22. Qxc3 Qc8 23. Qxc8+ Bxc8 24. Bd3 Bd6 25. Kf1 g5 26. Ke1 f6 27. Nf3 Kg7 28. a3 a5 29. Bb5 g4 30. Nh2 e5 31. Bc6 Be6 32. Nf1 Kg6 33. Nd2 f5 34. Nb1 f4 35. gxf4 exd4 36. exd4 Bxf4 37. Nc3 g3 38. Bxd5 gxf2+ 39. Kxf2 Bxd5 40. Nxd5 Bc1 41. Nxb6 Bxb2 42. Ke3 Bxa3 43. Ke4 Kg5 44. Kd5 Kf4 45. Kc6 Kg3 46. Kb5 Kxg2 47. Kxa5 Kf3 48. Kb5 Ke4 49. d5 Ke5 50. Kc6 Be7 51. Nc4+ Kd4 52. Nd2 Ke5 53. Nf3+ Ke4 54. Nh2 Kf4 55. Nf1 Bb4 56. Kb5 Ke5 57. Kc4 Bf8 58. Ne3 Kd6 59. Kd4 Bg7+ 60. Ke4 Bf8 61. Nf5+ Kc5 62. Ke5 Kc4 63. Ke6 Bc5 64. Nd6+ Kd4 65. Nb5+ Kc4 66. Nc7 Kd4 67. Kd7 Bb4 68. Kc6 Ke5 69. Ne6 Be7 70. Nc5 Kd4 1/2-1/2

[Event "Online Olym Div2 E"]
[Site "Chess.com INT"]
[Date "2021.09.03"]
[Round "5.3"]
[White "Vargas, Gabriela"]
[Black "Clarke, Adani"]
[Result "1-0"]
[WhiteElo "2152"]
[BlackElo "1811"]
[PlyCount "157"]
[EventDate "2021.09.02"]
[EventType "team (rapid)"]
[EventRounds "9"]
[EventCountry "USA"]
[SourceTitle "CBM 204 Extra"]
[Source "ChessBase"]
[SourceDate "2021.11.30"]
[SourceVersion "1"]
[SourceVersionDate "2021.11.30"]
[SourceQuality "1"]
[WhiteTeam "Paraguay"]
[BlackTeam "Jamaica"]
[WhiteTeamCountry "PAR"]
[BlackTeamCountry "JAM"]

1. d4 e6 2. Nf3 Nf6 3. Bg5 c5 4. e3 d5 5. c3 Be7 6. Bd3 h6 7. Bh4 0-0 8. Nbd2 Nbd7 9. 0-0 b6 10. Ne5 Bb7 11. f4 Nxe5 12. fxe5 Ne4 13. Bxe7 Qxe7 14. Bxe4 dxe4 15. Qg4 Qg5 16. Rf4 f5 17. exf6 Rxf6 18. Nxe4 Bxe4 19. Qxg5 hxg5 20. Rxe4 Rc8 21. Rf1 Kf7 22. Re5 cxd4 23. exd4 Kg6 24. Rfe1 Rc6 25. a3 a6 26. h3 b5 27. Rc5 Rd6 28. Ree5 Rf5 29. g3 Kf6 30. Kg2 Kg6 31. g4 Rxe5 32. Rxe5 Kf6 33. Kg3 Rd8 34. Rc5 Rd6 35. Kf3 Kg6 36. Ke4 Kf6 37. d5 exd5+ 38. Rxd5 Re6+ 39. Kf3 Rc6 40. Rf5+ Kg6 41. a4 bxa4 42. Ra5 Rb6 43. Rxa4 Rxb2 44. Rxa6+ Kf7 45. Ke4 Rh2 46. Kf5 Rxh3 47. Ra7+ Kf8 48. Rc7 Rg3 49. Kxg5 Rg1 50. c4 g6 51. Kf6 Ke8 52. g5 Kd8 53. Rc5 Rc1 54. Kxg6 Kd7 55. Re5 Rxc4 56. Kg7 Rc7 57. Re1 Kd6+ 58. Kg8 Rc8+ 59. Kh7 Rc7+ 60. Kh6 Rf7 61. g6 Rf6 62. Kh7 Rf2 63. g7 Rh2+ 64. Kg8 Rf2 65. Re4 Kd7 66. Kh7 Rh2+ 67. Kg6 Rg2+ 68. Kh6 Kd6 69. Re8 Rh2+ 70. Kg6 Rg2+ 71. Kf7 Rf2+ 72. Kg8 Kd7 73. Rf8 Rg2 74. Kf7 Rf2+ 75. Kg6 Rg2+ 76. Kf6 Rf2+ 77. Ke5 Re2+ 78. Kd4 Rg2 79. g8Q 1-0

[Event "American World Cup Q Prelim"]
[Site "Tornelo INT"]
[Date "2021.05.08"]
[Round "2"]
[White "Clarke, Adani"]
[Black "Maharaj, Keshav"]
[Result "0-1"]
[WhiteElo "1811"]
[BlackElo "1132"]
[PlyCount "68"]
[EventDate "2021.05.08"]
[EventType "swiss (rapid)"]
[EventRounds "9"]
[EventCountry "USA"]
[SourceTitle "CBM 202 Extra"]
[Source "ChessBase"]
[SourceDate "2021.07.31"]
[SourceVersion "1"]
[SourceVersionDate "2021.07.31"]
[SourceQuality "1"]

1. d4 Nf6 2. c4 g6 3. Nc3 Bg7 4. e4 d6 5. Be2 0-0 6. Be3 e5 7. d5 Nfd7 8. g4 f5 9. gxf5 gxf5 10. exf5 Rxf5 11. Qc2 Rf8 12. Nf3 Nf6 13. Rg1 Kh8 14. Bd3 Na6 15. a3 Nc5 16. Ng5 Nxd3+ 17. Qxd3 Qe7 18. Rg3 Re8 19. 0-0-0 e4 20. Qd2 h6 21. Ne6 Bxe6 22. dxe6 Qxe6 23. Rdg1 Re7 24. Bxh6 Bxh6 25. Qxh6+ Nh7 26. Qe3 Rae8 27. Qd4+ Nf6 28. Rh3+ Rh7 29. Rxh7+ Kxh7 30. Rg3 Rf8 31. Qe3 Qf7 32. Rh3+ Kg8 33. Qg5+ Qg7 34. Qd5+ Rf7 0-1

[Event "Wch FIDE Online U18 Girls America qual"]
[Site "Tornelo INT"]
[Date "2020.12.04"]
[Round "7"]
[White "Quezada Pauker, Katheen Gabriela"]
[Black "Clarke, Adani"]
[Result "0-1"]
[WhiteElo "1498"]
[BlackElo "1646"]
[PlyCount "108"]
[EventDate "2020.12.01"]
[EventType "swiss (rapid)"]
[EventRounds "7"]
[EventCountry "ISS"]
[SourceTitle "EXT 2022"]
[Source "ChessBase"]
[SourceDate "2021.10.06"]
[SourceVersion "1"]
[SourceVersionDate "2021.10.06"]
[SourceQuality "1"]

1. d4 e6 2. Nf3 Nf6 3. Bg5 h6 4. Bh4 d5 5. e3 c5 6. c3 Be7 7. Nbd2 0-0 8. Bd3 b6 9. 0-0 Ba6 10. Bxa6 Nxa6 11. Ne5 Qc7 12. Qe2 Nb8 13. f4 Nc6 14. Kh1 Rac8 15. g4 Nxe5 16. fxe5 Nh7 17. Bg3 Qd8 18. Qf2 b5 19. Nf3 Ng5 20. Nxg5 Bxg5 21. Bf4 a5 22. Rac1 Qe7 23. Rc2 Rc7 24. Bg3 Qd7 25. h4 Be7 26. Qh2 Qd8 27. Rg2 b4 28. g5 h5 29. Be1 g6 30. Rgf2 Qe8 31. Qg3 Qa4 32. b3 Qb5 33. Rf4 Qe2 34. Qf2 Qxf2 35. R4xf2 cxd4 36. cxd4 Rc1 37. Kg2 Kg7 38. Rf3 Rc2+ 39. R3f2 Rfc8 40. Kf3 Rxf2+ 41. Rxf2 Rc1 42. Re2 Bd8 43. Kf2 Bb6 44. Kf3 Rc7 45. Kf2 Rc8 46. Kf3 Bd8 47. Kf2 Be7 48. Kf3 Ra8 49. Rb2 a4 50. Kf2 axb3 51. axb3 Ra1 52. Ke2 Kf8 53. Kf2 Ke8 54. Ke2 Kd7 0-1

[Event "Wch FIDE Online U18 Girls America qual"]
[Site "Tornelo INT"]
[Date "2020.12.02"]
[Round "3"]
[White "Garcia, Angie"]
[Black "Clarke, Adani"]
[Result "0-1"]
[WhiteElo "1802"]
[BlackElo "1646"]
[PlyCount "50"]
[EventDate "2020.12.01"]
[EventType "swiss (rapid)"]
[EventRounds "7"]
[EventCountry "ISS"]
[SourceTitle "EXT 2022"]
[Source "ChessBase"]
[SourceDate "2021.10.06"]
[SourceVersion "1"]
[SourceVersionDate "2021.10.06"]
[SourceQuality "1"]

1. e4 e6 2. d4 d5 3. Nd2 Nf6 4. e5 Nfd7 5. Bd3 c5 6. c3 Nc6 7. Ngf3 Qb6 8. 0-0 cxd4 9. cxd4 Nxd4 10. Nxd4 Qxd4 11. Nf3 Qb6 12. Qa4 Bc5 13. Qg4 g6 14. Bh6 Qb4 15. Qg5 Be7 16. Qc1 Nc5 17. Be2 Bf8 18. Bxf8 Kxf8 19. a3 Qb6 20. b4 Ne4 21. Qh6+ Ke7 22. Bd3 Bd7 23. Bxe4 dxe4 24. Qh4+ Ke8 25. Ng5 Bc6 0-1

[Event "Pan American-ch U16 Girls"]
[Site "Guayaquil"]
[Date "2019.07.22"]
[Round "3"]
[White "Clarke, Adani"]
[Black "Diaz Pabon, Karol Estefania"]
[Result "1-0"]
[WhiteElo "1622"]
[BlackElo "1410"]
[PlyCount "115"]
[EventDate "2019.07.21"]
[EventType "swiss"]
[EventRounds "9"]
[EventCountry "ECU"]
[SourceTitle "EXT 2020"]
[Source "ChessBase"]
[SourceDate "2019.10.17"]
[SourceVersion "1"]
[SourceVersionDate "2019.10.17"]
[SourceQuality "1"]

1. d4 d5 2. c4 e6 3. e3 Nf6 4. Nf3 c5 5. Nc3 Nc6 6. cxd5 Nxd5 7. Bb5 a6 8. Bxc6+ bxc6 9. Ne5 Qc7 10. 0-0 Bd6 11. Nf3 0-0 12. Ne4 cxd4 13. Nxd6 Qxd6 14. Qxd4 c5 15. Qd3 a5 16. Rd1 Ba6 17. Qd2 Qb6 18. b3 Rfd8 19. Bb2 f6 20. Bc3 Nxc3 21. Qxc3 Qb4 22. Qc2 c4 23. Nd4 cxb3 24. Nxb3 Rdc8 25. Qd2 Qxd2 26. Rxd2 a4 27. Nd4 Kf7 28. Rad1 Ra7 29. h3 Rac7 30. Nxe6 Kxe6 31. Rd6+ Kf5 32. Rxa6 Rc1 33. Ra5+ Kg6 34. Rxc1 Rxc1+ 35. Kh2 Rc2 36. Rxa4 Rxf2 37. Kg3 Rc2 38. Ra7 h5 39. a4 h4+ 40. Kf3 Rc4 41. a5 Ra4 42. a6 Kf5 43. Rxg7 Rxa6 44. Rg4 Ra1 45. Rxh4 Rf1+ 46. Kg3 Ke5 47. Rf4 Re1 48. e4 Ra1 49. Rf5+ Kxe4 50. Rxf6 Ke5 51. Rf8 Ra7 52. h4 Rg7+ 53. Kh3 Ke6 54. g4 Ra7 55. h5 Ke7 56. Rf3 Ra1 57. Kh4 Ra5 58. h6 1-0

[Event "Olympiad Women-43"]
[Site "Batumi"]
[Date "2018.09.27"]
[Round "4.50"]
[White "Clarke, Adani"]
[Black "Chukwuemeka Ehirim, Chinyere"]
[Result "1-0"]
[WhiteElo "1643"]
[BlackElo "1871"]
[PlyCount "99"]
[EventDate "2018.09.24"]
[EventType "team-swiss"]
[EventRounds "11"]
[EventCountry "GEO"]
[SourceTitle "EXT 2020"]
[Source "ChessBase"]
[SourceDate "2019.10.17"]
[SourceVersion "1"]
[SourceVersionDate "2019.10.17"]
[SourceQuality "1"]
[WhiteTeam "Jamaica (W)"]
[BlackTeam "Nigeria (W)"]
[WhiteTeamCountry "JAM"]
[BlackTeamCountry "NGR"]

1. d4 d5 2. c4 e6 3. cxd5 exd5 4. Nc3 Nf6 5. Bg5 Be7 6. e3 a6 7. Nf3 Bf5 8. Bxf6 Bxf6 9. Qb3 b6 10. Qxd5 Qxd5 11. Nxd5 Bd8 12. Rc1 c6 13. Nb4 Bd7 14. Ne5 b5 15. Nbxc6 Nxc6 16. Nxc6 Bxc6 17. Rxc6 Ba5+ 18. Ke2 0-0 19. g3 Rfc8 20. Bg2 Rxc6 21. Bxc6 Rc8 22. d5 Kf8 23. Kd3 Ke7 24. e4 f6 25. Bb7 Rc7 26. Bxa6 b4 27. f4 Kd6 28. Bc4 Re7 29. Rc1 Rc7 30. Rc2 h6 31. Re2 Re7 32. Bb3 Bb6 33. Kc4 g5 34. Kxb4 gxf4 35. gxf4 Bd4 36. Kc4 Ba7 37. Kd3 Bb8 38. Rg2 Kc5 39. Ke3 f5 40. e5 Ba7 41. d6 Kb4+ 42. Kf3 Re8 43. e6 Bc5 44. d7 Rd8 45. Rg7 Bd4 46. Rf7 Bxb2 47. e7 Rxd7 48. e8Q Rd3+ 49. Ke2 Rh3 50. Qa4+ 1-0